000 01028nam a22002897a 4500
005 20260407172056.0
008 260407t2021 ag ||||| |||| 00| 0 spa d
020 _a978-950-06-9652-4
040 _aIste
041 _aspa
044 _aag
082 _a612.39:616-053.9
_bSe789
100 _aSetton, Débora
_cAutor
_eAutor
_99502
245 _aNutrición en pediatría:
_bbeses para la práctica clínica en niños sanos y enfermos
250 _a2a. ed.
260 _aBuenos Aires - Argentina
_bMedica Panamericana
_c2021
300 _a686 páginas,
_bgráficos, ilustraciones, tablas.
650 _aEVALUACIÓN NUTRICIONAL
_99503
650 _aNUTRICION EN LAS DIFERENTES ETAPAS
_99504
650 _aNUTRICIÓN DEL NIÑO PRESCOLAR
_99505
650 _aNUTRICIÓN DEL ADOLECENTE
_99506
650 _aNUTRICIÓN DESDE EL NACIMIENTO HASTA LOS DOS AÑOS
_99507
653 _aTECNOLOGÍA Y CIENCIAS MÉDICAS
653 _aNUTRICIÓN
700 _aFernández, Adriana
_eAutor
_99508
942 _2udc
_cLB
_zUCat
999 _c1878
_d1878